000 00809nam a2200277 i 4500
001 C2-0265371
003 PPAK
005 20180727233404.0
008 050625s2001 enka|||| ||||| | eng d
020 _a074604626X
040 _aPPAK
_beng
_cPPAK
_erda
082 0 4 _a546
_223
090 0 0 _a546
_bSMI
_dRK
100 1 _aSmith, Alastair,
_eauthor
245 1 0 _aMaterials
264 1 _aLondon :
_bUsborne Publishing ,
_c2001
300 _a83 pages :
_bcolour illustrations ;
_c28 cm
336 _2rdacontent
_atext
337 _2rdamedia
_aunmediated
338 _2rdacarrier
_avolume
490 1 _aThe Usborne Internet-linked library of science
650 1 0 _aChemical elements - Juvenile literature
700 _eauthor
830 0 _aThe Usborne Internet-linked library of science
942 _ddc
_cB
999 _c74958
_d74958